000 00337nam a22001457a 4500
003 OSt
005 20240205141045.0
008 240205b |||||||| |||| 00| 0 eng d
040 _cIIMT UNIVERSITY
100 _aGEETA, PRESS
245 _aTATVA CHINTA MANI
260 _aGORAKHPUR
_bGEETA PRESS
_c1952
300 _a621
942 _2ddc
_c09
999 _c58085
_d58085